Námořník : šest napínavých příběhů /

Soubor šesti povídek je esencí toho nejlepšího, co napsala dvojice, která je symbolem úspěchu severské krimi.

Uloženo v:
Série:Detektiv Joona Linna, část
Hlavní autor: Kepler, Lars (Autor)
Další autoři: Kloučková, Karolína (Autor)
Médium: Kniha
Jazyk:Czech
Vydáno: Brno : Host, 2026
Vydání:První vydání
Témata:
Celkem bylo vypůjčeno:0x
Příbuzné jednotky:Z cyklu:: Detektiv Joona Linna
Tagy:
Žádné tagy
LEADER 02209nam a2200469 i 4500
001 106428
003 CZ PrNK
005 20260602080019.0
007 ta
008 260415s2026 xr g 000 j cze
015 |a cnb003746062 
020 |a 9788027528721  |q (vázáno) 
040 |a ABG001  |b cze  |e rda 
041 1 |a cze  |h swe 
072 7 |a 821.11  |x Germánské literatury  |2 Konspekt  |9 25 
080 |a 821.113.6-32  |2 MRF 
080 |a (0:82-322.4)  |2 MRF 
100 1 |a Kepler, Lars  |7 osa2010608855  |4 aut  |9 10422 
240 1 0 |a Sjömannen.  |l Česky 
245 1 0 |a Námořník :  |b šest napínavých příběhů /  |c Lars Kepler ; přeložila Karolína Kloučková 
250 |a První vydání 
264 1 |a Brno :  |b Host,  |c 2026 
300 |a 394 stran ;  |c 21 cm 
336 |a text  |b txt  |2 rdacontent 
337 |a bez média  |b n  |2 rdamedia 
338 |a svazek  |b nc  |2 rdacarrier 
500 |a Přeloženo ze švédštiny 
505 0 0 |t Faust --  |t Klaun a zrcadlo --  |t Závrať --  |t Labyrint --  |t Námořník --  |t Démon expo 
520 2 |a Soubor šesti povídek je esencí toho nejlepšího, co napsala dvojice, která je symbolem úspěchu severské krimi.  |b Otec musí provést nájemnou vraždu, aby zachránil svého syna. Mladá novinářka se zamiluje do možného sériového vraha. Úspěšný právník je zatažen do krvavého spiknutí. Dvě dospívající dívky skončí uvězněny ve smrtící hře. A dočkáte se také příběhu vysvětlujícího temnou cestu obávaného Jurka Waltera. Nakladatelská anotace. Kráceno. 
655 7 |a švédské povídky  |7 fd133922  |2 czenas 
655 7 |a detektivní povídky  |7 fd132008  |2 czenas  |9 53534 
655 7 |a thrillery (povídky)  |7 fd133702  |2 czenas 
655 9 |a Swedish short stories  |2 eczenas 
655 9 |a detective short stories  |2 eczenas 
655 9 |a thrillers (short stories)  |2 eczenas 
700 1 |a Kloučková, Karolína  |7 xx0058636  |4 trl  |9 20717 
710 2 |a Host (vydavatelství)  |7 ko2003163544  |4 pbl  |9 117148 
787 0 8 |i Z cyklu:  |t Detektiv Joona Linna 
910 |a UOG502 
942 |2 ddc  |c KN 
999 |d 106428 
993 |0 0  |1 421180107142  |2 ddc  |4 0  |7 0  |9 99849  |b 0  |c 107142  |d 2026-06-02  |e 0  |f DOSP  |h 549.00  |i Koupě  |l DOSP  |r 2026-06-02  |t 6  |w 2026-06-02  |y KN  |z KRIMI  |n